Santo Genet, commediante e martire /

সংরক্ষণ করুন:
গ্রন্থ-পঞ্জীর বিবরন
প্রধান লেখক: Sartre, Jean-Paul (লেখক)
অন্যান্য লেখক: Rovatti, Pier Aldo (ভূমিকা রচয়িতা, ইত্যাদি), Pavolini, Corrado, (1898-1980) (অনুবাদক)
বিন্যাস: গ্রন্থ
ভাষা:ইতালিয়
প্রকাশিত: Milano : Il Saggiatore, 1972
মালা:La cultura. Saggi di arte e di letteratura ; 25
বিষয়গুলি:
ট্যাগগুলো: ট্যাগ যুক্ত করুন
কোনো ট্যাগ নেই, প্রথমজন হিসাবে ট্যাগ করুন!

MARC

LEADER 00000nam a22000007i 4500
001 IT\ICCU\UBO\1883250
003 ItRI
005 20260226160949.0
008 030711s1972 it |||||| |||||0|||||c
015 |2 IT  |a 7214307 
040 |b ita  |c ARCIGAY RIMINI 
041 7 |a ita  |2 ISO-639-2 
082 |a 928  |2 17 
100 1 |a Sartre, Jean-Paul  |0 IT\ICCU\CFIV\000663  |4 aut 
240 1 0 |a Saint Genet, comédien et martyr  |9 Sartre, Jean-Paul 
245 1 0 |a Santo Genet, commediante e martire /  |c Jean-Paul Sartre ; traduzione di Corrado Pavolini ; introduzione di Pier Aldo Rovatti. 
260 |a Milano :  |b Il Saggiatore,  |c 1972 
300 |a XXIII, 619 p. ;  |c 21 cm 
650 7 |a Genet, Jean 
700 1 |a Rovatti, Pier Aldo  |0 IT\ICCU\CFIV\000704  |4 aui 
700 1 |a Pavolini, Corrado,  |d  (1898-1980)  |0 IT\ICCU\CFIV\111604  |4 trl 
830 3 |a La cultura. Saggi di arte e di letteratura ;  |v 25  |0 IT\ICCU\RAV\0001098 
942 |2 ddc  |c BK 
952 |0 0  |1 0  |2 ddc  |4 0  |6 928_000000000000000_SAR_SAN  |7 1  |9 3326  |a RN  |b RN  |d 2025-02-21  |e DONO RIMONDINI  |l 0  |o 928 SAR SAN  |p 10585  |r 2025-02-21 08:42:59  |w 2025-02-21  |y BK 
952 |0 0  |1 0  |4 0  |6 DOC_842_912000000000000_SAR  |7 0  |9 23889  |a BO  |b BO  |d 2026-01-15  |i 5623  |l 0  |o DOC 842.912 SAR  |p BO5623  |r 2026-01-15 23:23:14  |w 2026-01-15  |x [Sebina 5] [1 v.]  |y BK  |z 1 v. 
952 |0 0  |1 0  |4 0  |6 DOC_842_912000000000000_SAR  |7 0  |9 23890  |a BO  |b BO  |d 2026-01-15  |i 5706  |l 0  |o DOC 842.912 SAR  |p BO5706  |r 2026-01-15 23:23:14  |w 2026-01-15  |x [Sebina 5] [1 v.]  |y BK  |z 1 v. 
999 |c 2641  |d 2641